Catàleg del Col·legi de Periodistes de Catalunya

El Grup Democràtic de Periodistes (1966-1976) (Registre núm. 956)

000 -CABECERA
Longitud fija campo de control 00702nam a2200205 a 4500
001 - NÚMERO DE CONTROL
Número de control 956
003 - IDENTIFICADOR DEL NÚMERO DE CONTROL
Identificador del número de control CDMR
005 - FECHA Y HORA DE LA ÚLTIMA TRANSACCIÓN
Fecha y hora de la última transacción 20241128152048.0
008 - CÓDIGOS DE INFORMACIÓN DE LONGITUD FIJA
Códigos de información de longitud fija 130130s1992||||||||||||||||||||||||||||d
020 ## - NÚMERO INTERNACIONAL NORMALIZADO PARA LIBROS
Número Internacional Normalizado para Libros (ISBN) 8460429644
040 ## - FUENTE DE LA CATALOGACIÓN
Centro catalogador de origen CDMR
Lengua de catalogación cat
Centro transcriptor CPC GIRONA
100 1# - PUNTO DE ACCESO PRINCIPAL-NOMBRE DE PERSONA
Nombre de persona Roglan, Joaquim
9 (RLIN) 746
245 13 - MENCIÓN DE TÍTULO
Título El Grup Democràtic de Periodistes (1966-1976)
Resto del título : crònica d'un periodisme esperançat
Mención de responsabilidad, etc. / Joaquim Roglan
260 ## - PUBLICACIÓN, DISTRIBUCIÓN, ETC. (PIE DE IMPRENTA)
Lugar de publicación, distribución, etc. Barcelona :
Nombre del editor, distribuidor, etc. Diputació de Barcelona :
-- Col·legi de periodistes de Catalunya,
Fecha de publicación, distribución, etc. 1992
300 ## - DESCRIPCIÓN FÍSICA
Extensión 131 p.
490 0# - MENCIÓN DE SERIE
Mención de serie Vaixells de Paper
Designación de volumen o secuencia ; 12
610 #0 - PUNTO DE ACCESO ADICIONAL DE MATERIA - NOMBRE DE ENTIDAD CORPORATIVA
9 (RLIN) 4993
Nombre de entidad corporativa o nombre de jurisdicción como elemento inicial Grup Democràtic de Periodistes
650 #0 - PUNTO DE ACCESO ADICIONAL DE MATERIA - TÉRMINO DE MATERIA
9 (RLIN) 3172
Término de materia o nombre geográfico como elemento inicial Periodisme
Subdivisión geográfica Catalunya
Subdivisión de materia general Història
Subdivisión cronológica 1966-1976
942 ## - ENTRADA DE ELEMENTOS AGREGADOS (KOHA)
Koha [por defecto] tipo de item Monografies
Fuente de clasificaión o esquema
Fons
Suprimido Perdido Fuente de clasificación o esquema Estropeado No para préstamo Localización permanente Localización actual Fecha adquisición Préstamos totales Renovaciones totales Signatura completa Código de barras Fecha última consulta Fecha último préstamo Fecha del precio de reemplazo Tipo de item de Koha
    udc     CPC Girona CPC Girona 2010-12-03 1 1 Bg 254 (2) GIRONA13119491 2019-05-08 2019-03-26 2013-01-16 Monografies
    udc     CPC Girona CPC Girona 2010-12-03     Bg 254 (3) GIRONA13119492 2013-01-16   2013-01-16 Monografies
    udc     CPC Girona CPC Girona 2010-12-03     Bg 254 GIRONA13119493 2013-01-16   2013-01-16 Monografies
          CPC Lleida CPC Lleida 2011-08-04     344COL LLEIDA13119494 2013-01-16   2013-01-16 Monografies
          Centre de Documentació Montserrat Roig Centre de Documentació Montserrat Roig 2013-01-16 3 2 Bg VP/12 CDMR13119490 2018-10-24 2018-09-27 2013-01-16 Monografies
          Centre de Documentació Montserrat Roig Centre de Documentació Montserrat Roig 2013-07-22 3 3 PER CDMR13076843 2017-01-19 2016-11-24 2013-07-22 Monografies

Implantat amb Koha